000 00841nam a2200265Ia 4500
003 OSt
005 20221002044115.0
006 a|||||r|||| 00| 0
007 ta
008 220930b |||||||| |||| 00| 0 eng d
020 _a8175201339 (pbk)
024 _a27207
037 _bGift, 20/06/2016,
_cReference Collections
040 _aCRL
_cCRL
_beng
041 _2eng
_aeng
082 _aAa494,12,P13, Q6(RR)
100 _aYoud Vir Singh
_9569005
245 0 _aBibliography of doctoral dissertation science & technology 2013
260 _aNew Delhi
_bAssociation of Indian
_c2015
300 _aix, 200p.
_ccm.
650 _aSCIENCE
700 _a Pani S Ram Devi
_9569006
942 _hAa494,12,P13, Q6(RR)
_cref
_2CC
999 _c909660
_d909660